01146nam a2200301 i 4500001001000000003000900010005001700019007000300036008004100039020001800080040003000098041000800128082001900136100004000155245012700195264003800322300002800360336002700388337003300415338002800448590002600476650003100502650003100533910000700564942001400571952024200585999001700827000007260DO-SdBNP20241218103824.0ta181224s2019 dr 000 0 spa d a9789945614138 aDO-SdBNPbspacBNPHUerda hspa axxxbC422J2221 aCéspedes, Diógeneseautor9662210aJoseito Mateo el rey del merengue :bvida y obra de un gran artista popular dominicano entrevistas 1996-1997 en Nueva York aSanto Domingo :bSantuario,c2019 a116 páginas ;c21 cm. ardacontentbtexto2txt ardamediabsin mediación2n ardacarrierbvolumen2nc aInventariado, 2024/DG 4aCuentos dominicanos934660 4aLiteratura domicana986872 aDG 2ddccLBS1 00102ddc51708PDaBNPHUbBNPHUcCTd2024-12-18eDonado por la Presidencia de la República Dominicana 2023l0oBNPHU PD C422Jp2024-7050r2024-12-18w2024-12-18yLBS1zPertenecio a la biblioteca personal de René Rodríguez Soriano c57974d57974